000 00780nam a22003010a 4500
001 UByD001023
003 AR-LpoUNG
005 20221004234356.0
008 220929s1993||||sp |||||||||||||||||spa d
020 _a8460465861
040 _aAR-LpoUNG
_bspa
_cAR-LpoUNG
_eaacr
041 _aspa
044 _aag
082 0 _a930.102 82 257orc
100 1 _aCarayol Gor, Rafael
245 1 3 _aOrce :
_bapuntes de su historia
260 _aMurcia :
_bRafael Carayol Gor,
_c[1993].
300 _a238 p. :
_bfot.
650 4 _aHISTORIA
650 4 _aEXCAVACIONES ARQUEOLOGICAS
650 4 _aARQUEOLOGIA
650 4 _aLUGAR DE INTERES ARQUEOLOGICO
650 4 _aOBJETO ARQUEOLOGICO
650 4 _aZONAS URBANAS
650 4 _aESPAÑA
905 _a125
942 _cLIB
_2ddc
999 _c63641
_d63641